Mnohovýznamový rybársky šport

Bibliographic Details
Main Author: Skácel, Ladislav (Author)
Format: Article
Language:Slovak
Subjects:

MARC

LEADER 00000nab a2200000 a 4500
001 vtls000404500
003 SK-MaSNL
005 20260304081802.0
008 250424c1991 xo 0 slo
015 |a SNBRB19rr/mm-uuuuu 
035 |a CL0404624 
035 |a urn:nbn:sk:snk-abennr 
035 |a (urnnbn)urn:nbn:sk:snk:ar-006y71 
035 |a (uuid)d4ee3fda-c10d-4cf6-8bb7-9be354ab007f 
040 |a SNKBUCL  |b slo  |c SNKBUCL  |e AACR2 
041 0 |a slo 
044 |a xo  |c SK 
080 |a 639.2:340.133  |2 1981 
080 |a 340.133  |2 1981 
080 |a 639.2  |2 1981 
100 1 |a Skácel, Ladislav  |4 aut  |9 423639 
245 1 0 |a Mnohovýznamový rybársky šport  |c Ladislav Skácel 
650 0 7 |a rybárstvo  |2 snkbucl  |9 2776 
650 0 7 |a zákon o rybárstve  |2 snkbucl  |9 1307908 
655 7 |a články z novín a časopisov  |2 snkbucl  |9 267496 
773 0 |t Poľovníctvo a rybárstvo  |g Roč. 43, č. 1 (1991), s. 24-25 
850 |a Slovenská národná knižnica 
852 |a Slovenská národná knižnica 
954 |a odborná, vedecká literatúra pôvodná (slovenská)  |2 lita 
958 |a article27 
958 |a RK 
958 |a OND 
958 |a EUIPO 
992 |a RBX 
999 |c 2792221  |d 2794151